Statistics for Batista's career opponents

Click here to take the quiz!

General Stats

  • This quiz has been taken 111 times
    (83 since last reset)
  • The average score is 47 of 78

Answer Stats

Answer% Correct
Randy Orton
100%
The Undertaker
100%
Eddie Guerrero
97%
John Cena
97%
Kane
97%
Ric Flair
97%
Shawn Michaels
97%
Triple H
97%
Edge
95%
Chris Jericho
92%
The Big Show
92%
Brock Lesnar
87%
Christian
87%
CM Punk
87%
D-Von Dudley
85%
Chavo Guerrero Jr.
82%
Chris Benoit
82%
Kurt Angle
82%
Rob Van Dam
82%
Spike Dudley
82%
Bobby Lashley
79%
Booker T
79%
Cody Rhodes
79%
Rey Mysterio
79%
Roman Reigns
79%
Umaga
79%
Goldberg
77%
John Bradshaw Layfield
77%
Matt Hardy
77%
Seth Rollins
77%
Ted Dibiase Jr.
77%
Finlay
74%
Mark Henry
74%
Sheamus
74%
Alberto Del Rio
72%
Daniel Bryan
69%
John Morrison
69%
Shelton Benjamin
69%
William Regal
69%
MVP
67%
Dolph Ziggler
64%
Mr. Kennedy
64%
Kofi Kingston
62%
The Great Khali
59%
Tommy Dreamer
59%
Orlando Jordan
54%
Rikishi
51%
The Hurricane
51%
Maven
49%
Scott Steiner
49%
Simon Dean
49%
Tajiri
49%
Val Venis
49%
Viscera
49%
Rhyno
46%
Muhammad Hassan
44%
R-Truth
44%
D'Lo Brown
41%
Mark Jindrak
41%
Santino Marella
41%
Gene Snitsky
38%
Steven Richards
36%
Nunzio
33%
Sean O'Haire
33%
Justin Credible
26%
Bull Buchanan
23%
Elijah Burke
21%
Sylvan
21%
Domino
18%
Duece
18%
Jamie Noble
18%
Jonathan Coachman
15%
Manu
15%
Paul Burchill
13%
Hugh Morrus
10%
Nick Dinsmore
3%
EZ Money
0%
LA Smooth
0%

Score Distribution

Percentile by Number Answered

Percent of People with Each Score

Your Score History

You have not taken this quiz since the last reset